Οι πολιτικοί θεσμοί σε κρίση (1922-1974) : όψεις της Ελληνικής εμπειρίας
Αποθηκεύτηκε σε:
| Κύριος συγγραφέας: | |
|---|---|
| Άλλοι συγγραφείς: | |
| Μορφή: | Βιβλίο |
| Γλώσσα: | Greek French |
| Δημοσίευση: |
Αθήνα:
Θεμέλιο,
1986.
|
| Έκδοση: | 2η έκδ. |
| Σειρά: | Ιστορική βιβλιοθήκη (Θεμέλιο (Εταιρεία))
|
| Θέματα: | |
| Ετικέτες: |
Προσθήκη ετικέτας
Δεν υπάρχουν, Καταχωρήστε ετικέτα πρώτοι!
|
MARC
| LEADER | 00000cam a2200000 i 4500 | ||
|---|---|---|---|
| 001 | 1/88563 | ||
| 008 | 950526s1986 gr | ||| |||| ||gre|| | ||
| 035 | |a 1987 |c Αγορά |l 10035532 | ||
| 035 | |l 10013096 | ||
| 035 | |l 10025616 | ||
| 040 | |a GR-MyUa |b gre |e AACR2 | ||
| 041 | 1 | |a gre |h fre | |
| 082 | 7 | |a 320.9495 |2 (22) | |
| 100 | 1 | |a Αλιβιζάτος, Νίκος Κ. | |
| 245 | 1 | 3 | |a Οι πολιτικοί θεσμοί σε κρίση (1922-1974) : |b όψεις της Ελληνικής εμπειρίας / |c Νίκος Αλιβιζάτος. |
| 250 | |a 2η έκδ. | ||
| 260 | |a Αθήνα: |b Θεμέλιο, |c 1986. | ||
| 300 | |a 728 σ. ; |c 21 εκ. | ||
| 490 | 1 | |a (Ιστορική Βιβλιοθήκη / Θεμέλιο (Εταιρεία)) | |
| 500 | |a Τίτλος πρωτοτύπου: Les institutions politiques de la Grece a travers les crises 1922-1974. | ||
| 504 | |a Περιέχει βιβλιογραφία. | ||
| 650 | 0 | |a Constitutional history |z Greece. | |
| 651 | 0 | |a Greece |x Politics and government |y 20th century. | |
| 700 | 1 | |a Σταυροπούλου, Βενετία, |e trlf | |
| 830 | 0 | |a Ιστορική βιβλιοθήκη (Θεμέλιο (Εταιρεία)) | |
| 852 | |a INST |b CHIOS |e 19960409 |h 320.9495 ΑΛΙ |p 005200006094 |q 005200006094 |t BK |y 0 | ||
| 852 | |a INST |b LESVOS |e 19950526 |h 320.9495 ΑΛΙ |p 005100004480 |q 005100004480 |t BK |y 0 | ||
| 852 | |a INST |b LESVOS |e 19950526 |h 320.9495 ΑΛΙ |p 005100004481 |q 005100004481 |t BK |y 0 | ||
| 852 | |a INST |b RHODES |e 19960705 |h 320.9495 ΑΛΙ |p 005400002289 |q 005400002289 |t BK |y 0 | ||
| 970 | |z 1995/05/26 | ||